00526nam a2200181Ia 4500008004100000020001500041082001500056100002500071245004100096250000800137260002500145300001200170500002400182650001200206942000700218952010400225999001500329230524s9999 xx 000 0 und d a8120308840 a4.162bKRU aRobert L.Kruse94951 0aData Structures and Programme Design a3RD aNEW DELHIbPHIc1998 aXIV;689 aQuantity Number: 1 aComp-Sc cBK 00104070aTATCLbTATCLcGENd2023-05-24l0o004.162 KRUp4296r2023-05-24w2023-05-24yBKzBE2106 c6969d6969